000 00551nam a2200241Ia 4500
003 OSt
005 20220912152606.0
006 a|||||r|||| 00| 0
007 ta
008 220909b |||||||| |||| 00| 0 eng d
024 _a39835
037 _cTextual
040 _aCSL
_beng
_cCSL
041 _aeng
082 _aG:67, J8;1
100 _aNalbandon A V
245 0 _aReproductive physiology
250 _a2
260 _c1958
300 _ap.
_ccm.
942 _hG:67, J8;1
_cTEXL
_2CC
999 _c89227
_d89227